00619nam a2200181Ia 4500008004100000020001500041041001200056082001600068100001800084245009300102260002500195300000800220650001600228700001700244942000700261999001500268952015400283221030s9999 xx 000 0 und d a8120313542 aEnglish a105.23bFos aL. D. Fosdick 3aAn Introduction to High Performance Scientific Computingcby L. D. Fosdick, E. R. Jessup bPHIaNew Delhic1998 a760 aBE Computer aE. R. Jessup cBK c2505d2505 pBE 1319g275.00l0o105.23 Fosr2024-06-13 00:00:00w2022-10-30yBK003Print4071aMIETLIBbMIETLIBcBL-, FL-, CUP-77, SH-3, R-3d2000-04-2710HBE